Quiz Harry Potter Difficile (Sur les trois premiers livres) - Statistiques

Statistiques générales
  • Ce quiz a été pris 1 606 fois
  • Le résultat moyen est 9 sur 15
Statistiques - réponses
Question Réponse % Correct
L'oncle Vernon dirige la Grunnings, mais qu'est ce que la Grunnings ? Une entreprise qui fabrique des perceuses.
84%
Quelle est la date de naissance de Harry Potter ? 31 juillet 1980
83%
A qui appartient la moto volante que Hagrid utilise pour rejoindre Dumbledore et McGonagall avec Harry Potter dans les bras ? Sirius Black
83%
Quel est le modèle de la Ford de Arthur Weasley ? La Ford Anglia
77%
Quelle est la date de mort de Sir Nicholas (Nick-Quasi-Sans-tête pour les intimes) ? 31 octobre
73%
Comment se nomme le couple d'invités que les Dursley invitent pour un repas ? Les Mason
69%
Quel est la couleur préférée de Gilderoy Lockhart ? Lilas
69%
Lors du voyage dans le Poudlard Express, Hermione remarque sur la valise du professeur Lupin les initiales R.J.Lupin. Mais que signifient-elles ? Remus John Lupin
68%
Comment s'appelle le chien de tante Marge ? Molaire
60%
Quel est l'ordre des noms des maraudeurs sur la carte ? Lunard, Queudver, Patmol et Cornedrue
59%
Comment s'appelle le meilleur ami de Dudley Dursley ? Piers Polkiss
51%
Où fut la première rencontre de Harry avec Sirius Black ? A Magnolia Crescent
50%
Quel est le bon ordre d'appel lors de la cérémonie du Choixpeau Magique ? Hermione, Harry, Ron
44%
Comment s'appelle le premier centaure que voit Harry dans la forêt interdite ? Ronan
21%
Quel est le premier sortilège jeté lors du duel Harry contre Drago ? On ne connait pas la formule prononcée
19%
Aucun quiz correspondant
Distribution des résultats
% des personnes avec chaque résultat
Percentile par nombre de réponses
Votre historique - résultats
Vous n’avez pas pris ce quiz